000 00496nam a2200169Ia 4500
003 LK-CoDNM
008 010623t2010 xxu||||| |||| 00| 1 sin d
040 _aLK-CoDNM
_dLK-CoDNM
_eLK-CoDNM
041 _asin
080 _aX398.42 SOB
100 _aSobhitha himi,Walathara
245 _aමරණයේ සෙවනැලි හා භූතයෝ
246 _aMaranaye Sewanali ha Buuthayo
260 _bParamavichitrananda Viharaya
_aGall
_c2010
300 _b180, iill, 21 cm
942 _cBK
999 _c130175
_d130175